000
00318nam a22001337a 4500
008
180809b xxu||||| |||| 00| 0 eng d
020
_a
0838561969
041
_a
eng
080
_a
616.053
100
_a
7
101
_a
KAR
245
_a
Mechanical support of the failing heart and lungs
_c
BERGMAN.D
942
_2
udc
_c
BK
999
_c
46963
_d
46963